| 000 | 00840nam a22002417a 4500 | ||
|---|---|---|---|
| 999 |
_c7212 _d7212 |
||
| 003 | AR-CdUCM | ||
| 008 | 190320b ||||| |||| 00| 0 spa d | ||
| 040 |
_aMUNICIPALIDAD PROVINCIAL DEL CUSCO _cBIBLIOTECA MUNICIPAL DEL CUSCO |
||
| 041 | _heng | ||
| 082 |
_a621 / _bS59 |
||
| 100 |
_aSlaymaker, R. R. _920332 |
||
| 245 | _aDiseño y análisis de elementos de máquinas / | ||
| 260 |
_aMéxico, D. F : _bLimusa-wiley, _c1969. |
||
| 300 |
_a461 páginas ; _bIlustraciones, _c24 cm. |
||
| 500 | _aTitulo original: Mechanical design and analysis. | ||
| 505 | _aTópicos generales -- Proyectos específicos -- Elementos de máquina explicados en los proyectos ... | ||
| 650 |
_aProyectos _94155 |
||
| 650 |
_aMáquinas _920333 |
||
| 650 |
_aTecnología _91571 |
||
| 700 |
_aValle, Mario Del _920334 |
||
| 942 |
_2ddc _cLIBROS |
||
| 945 | _aacv | ||